| 000 | 00455cam a2200181ua 4500 | ||
|---|---|---|---|
| 020 | _c5 | ||
| 041 |
_ahin _h |
||
| 082 |
_a891.43 _bPAN/MA |
||
| 100 | _aPanday Bechan Sharma, `Ugra` . | ||
| 245 |
_aManushyanand / _c`ugra` panday Bechan Sharma. _hTextual Documents |
||
| 250 |
_a4 / _b. |
||
| 260 |
_aNew Delhi : _bRanjith prints and publishers , _c1964. |
||
| 300 | _a222 ; . | ||
| 365 | _a5 | ||
| 504 | _a | ||
| 942 | _cBK | ||
| 999 |
_c3036 _d3036 |
||